Govt. of
Madhya Pradesh

Women in China (Record no. 64776)

MARC details
000 -LEADER
fixed length control field 00263nam a2200109Ia 4500
008 - FIXED-LENGTH DATA ELEMENTS--GENERAL INFORMATION
fixed length control field 221009s9999 xx 000 0 und d
082 ## - DEWEY DECIMAL CLASSIFICATION NUMBER
Classification number 307/MOU
100 ## - MAIN ENTRY--PERSONAL NAME
Personal name Moudud, Hasna Jasimuddin
9 (RLIN) 1215
245 #0 - TITLE STATEMENT
Title Women in China
260 ## - PUBLICATION, DISTRIBUTION, ETC. (IMPRINT)
Name of publisher, distributor, etc. Shakti Publishers
942 ## - ADDED ENTRY ELEMENTS (KOHA)
Koha item type Books

No items available.